| 000 | 00423nam a2200157Ia 4500 | ||
|---|---|---|---|
| 008 | 230312s9999||||xx |||||||||||||| ||und|| | ||
| 020 | _a0-534-61731-x | ||
| 082 |
_a001.4 _bMIT-R |
||
| 100 | _aMitchell Mark | ||
| 245 | 0 | _aResearch Design Explained | |
| 260 |
_bThomson _aAustralia _c2004 |
||
| 300 | _a570 | ||
| 546 | _aEng. | ||
| 650 |
_aManagement _vPsychology and Science , Reading and Evaluating research |
||
| 942 | _cBK | ||
| 999 |
_c3334 _d3334 |
||